00738nam a2200253 a 4500001001300000003000900013005001700022008004100039020001000080082002200090100001600112245003400128260004600162300000900208500003500217505001700252650002700269650001900296700001600315902000800331942000700339952012300346999001500469nice12345678IN_TiNIC20260116012410.0050524s1985 newa grp 000 0 eng  ac20000a323.39710954bRAK aRakkar, J S aMuslim Politics in the Punjab aNew DelhibDeep & Deep Publicationsc1985 a359p aincludes index and biblioraphy2 aBibliography aMuslims-India-Politics aPunjab-Muslims1 aRakkar, J S bSRS cBK 001040708StackRoom-aHMIbHMId2007-04-10g200.00l0o323.39710954 RAKp012509r2007-04-10v200.00w2005-05-24yBK c6863d6863